| 000 | 00553nam a2200169 i 4500 | ||
|---|---|---|---|
| 001 | 32451 | ||
| 003 | ES-MaACL | ||
| 005 | 20230906154557.0 | ||
| 007 | t| | ||
| 008 | 030131s1956 sp ||||1| spa d | ||
| 100 | 1 |
_aBenito Ruano, Eloy. _927689 |
|
| 245 | 1 | 0 |
_aHuéspedes del Imperio de Oriente en la Corte de Alfonso X el Sabio / _cpor Eloy Benito Ruano. |
| 260 |
_aMadrid : _b[s.n., _c1956] |
||
| 300 |
_a8 h. ; _c25 cm. |
||
| 500 | _aEs separata de: Estudios dedicados a Menéndez Pidal, t. VI, p. 632-645. | ||
| 852 |
_aES-MaACL _j2000-F-12 _bR.41911 |
||
| 999 |
_c32451 _d32451 |
||